La crisis del siglo XVII: religión, reforma y cambio social.

Salvato in:
Dettagli Bibliografici
Autore principale: Trevor-Roper, Hugh Redwald
Natura: Libro
Lingua:spagnolo
Pubblicazione: Buenos Aires, Argentina Katz 2009
Edizione:1a. ed
Serie:Conocimiento. 3058
Soggetti:
Tags: Aggiungi Tag
Nessun Tag, puoi essere il primo ad aggiungerne!!

MARC

LEADER 00000cam a2200000 a 4500
001 UCE5960
003 CL-VaPUC
005 20220115074053.0
008 150312e20090000ag |||||||||||||||||spa|d
999 |c 358475  |d 358473 
020 |a 9789871566006 
040 |c Pontificia Universidad Católica de Valparaíso 
082 0 4 |a 940.252 TRE 2009  |2 21 
100 0 |a Trevor-Roper, Hugh Redwald  |9 578631 
245 1 3 |a La crisis del siglo XVII: religión, reforma y cambio social. 
250 |a 1a. ed 
260 0 3 |a Buenos Aires, Argentina  |b Katz  |c 2009 
300 |a 488 páginas. 
490 0 |a Conocimiento.  |v 3058 
583 |a last modification  |c 20150312 12:37:00  |k Rodrigo Vera 
650 0 |a Historia de Europa  |9 392003 
650 0 |a Historia moderna  |9 268036 
650 7 |a CRISIS SOCIAL  |2 CL-VaPUC  |9 330236 
650 0 |a Absolutismo  |9 257456 
650 0 |a Revoluciones  |9 255713 
650 0 |a Historia   |y Siglo 17  |9 255532 
650 0 |a Cambio social   |9 256857 
651 0 |a Francia  |9 255157 
942 |c BK  |2 ddc 
945 |d 20150312 12:37:00  |a arojas 
952 |0 0  |1 0  |2 ddc  |3 erd  |4 0  |6 940_252000000000000_TRE_2009  |7 0  |8 A  |9 467184  |a BIBHIS  |b BIBHIS  |i 5140277  |o 940.252 TRE 2009  |p 5140277  |r 2025-01-20  |t 1  |w 2019-11-23  |y BK  |z Catalogado en:20150312  |k HIS 
952 |0 0  |1 0  |2 ddc  |3 erb  |4 0  |6 940_252000000000000_TRE_2009  |7 0  |8 A  |9 467185  |a BIBEDU  |b BIBEDU  |i 5367972  |o 940.252 TRE 2009  |p 5367972  |r 2019-11-23  |t 2  |w 2019-11-23  |y BK  |z Catalogado en:20170326  |k FIL